Bình văn : những bài văn hay trong và ngoài sách giáo khoa phổ thông

সংরক্ষণ করুন:
গ্রন্থ-পঞ্জীর বিবরন
প্রধান লেখক: Trần, Hòa Bình
বিন্যাস: গ্রন্থ
ভাষা:Undetermined
প্রকাশিত: Hà Nội Giáo dục 1999
বিষয়গুলি:
ট্যাগগুলো: ট্যাগ যুক্ত করুন
কোনো ট্যাগ নেই, প্রথমজন হিসাবে ট্যাগ করুন!
Thư viện lưu trữ: Trung tâm Học liệu Trường Đại học Cần Thơ
LEADER 00658nam a2200217Ia 4500
001 CTU_92210
008 210402s9999 xx 000 0 und d
020 |c 10000 
082 |a 809 
082 |b B312 
100 |a Trần, Hòa Bình 
245 0 |a Bình văn : 
245 0 |b những bài văn hay trong và ngoài sách giáo khoa phổ thông 
245 0 |c Trần Hòa Bình, Lê Dy, Văn Giá 
260 |a Hà Nội 
260 |b Giáo dục 
260 |c 1999 
650 |a Vietnamese literature 
650 |x History and criticism 
904 |i Trúc, H.Mai 
980 |a Trung tâm Học liệu Trường Đại học Cần Thơ